| 000 | 00379nam a22001697a 4500 | ||
|---|---|---|---|
| 005 | 20160625170314.0 | ||
| 008 | 160625b xxu||||| |||| 00| 0 eng d | ||
| 020 | _a81-8040-175-8 | ||
| 041 | _aeng | ||
| 082 | _b10250 | ||
| 100 |
_aSwami, Vivekanand _92827 |
||
| 245 | _aBartman Bharat (Bangla) | ||
| 260 | _bUrwadhan | ||
| 300 | _a42 | ||
| 650 |
_aBangla _92816 |
||
| 942 | _cBK | ||
| 999 |
_c4089 _d4088 |
||